[Event "Knightworm78 v Dreadnoughts No 1"]
[Site "SchemingMind.com"]
[Date "2014.04.23"]
[Round "-"]
[White "alexyongpohweng"]
[Black "gatoss"]
[Result "0-1"]
[WhiteCountry "MAS"]
[BlackCountry "ITA"]
[WhiteElo "1240"]
[WhiteRD "45"]
[BlackElo "1435"]
[BlackRD "58"]
[GameID "357194"]

1. e4 c5 2. Bc4 e6 3. Nf3 Nc6 4. O-O d6 5. Nc3 Nf6 6. Be2 Be7 7. b3 O-O 8. Bb2 b5 9. a3 Qb6 10. d3 Nd4
11. Nxd4 cxd4 12. Nb1 e5 13. c3 dxc3 14. Nxc3 a5 15. Na2 Bb7 16. Nc3 b4 17. axb4 axb4 18. Na4 Qd8 19. Qd2 d5 20. exd5 Bxd5
21. Bxe5 Bxb3 22. Qb2 Bxa4 23. Qd2 Bc6 24. Bxf6 Bxf6 25. Rxa8 Bxa8 26. Qxb4 Qd5 27. Bf3 Qxd3 28. Qb1 Qxb1 29. Rxb1 Bxf3 30. gxf3 h6
31. Kg2 g5 32. Kg3 Kh7 33. Rb6 Be5+ 34. Kg2 f6 35. h3 Rd8 36. Rb7+ Kg6 37. Rb6 Rd2 38. Kf1 Bd4 39. Rb5 Rxf2+ 40. Ke1 Rxf3
41. Ke2 Rxh3 42. Kd2 h5 43. Ke2 Re3+ 44. Kd2 h4 45. Kd1 h3
0-1

[Event "Knightworm78 v Dreadnoughts No 1"]
[Site "SchemingMind.com"]
[Date "2014.04.23"]
[Round "-"]
[White "gatoss"]
[Black "alexyongpohweng"]
[Result "0-1"]
[WhiteCountry "ITA"]
[BlackCountry "MAS"]
[WhiteElo "1480"]
[WhiteRD "60"]
[BlackElo "1251"]
[BlackRD "46"]
[GameID "357195"]

1. d4 d5 2. c4 dxc4 3. Nc3 Nf6 4. e3 e6 5. Bxc4 Be7 6. Nf3 O-O 7. O-O c6 8. a3 b5 9. Bd3 a6 10. b4 Bb7
11. Ne5 Nbd7 12. f4 Nxe5 13. fxe5 Nd5 14. Nxd5 cxd5 15. Rf3 f6 16. Rh3 f5 17. Qh5 h6 18. Rg3 Rf7 19. Qxh6 g5 20. Rh3 Rg7
21. Qxe6+ Rf7 22. Bxf5 Bc8 23. Bh7+ Kf8 24. Bg6 Bxe6 25. Bxf7 Bxh3
0-1

[Event "Knightworm78 v Dreadnoughts No 1"]
[Site "SchemingMind.com"]
[Date "2014.04.23"]
[Round "-"]
[White "alexyongpohweng"]
[Black "ray winteringham"]
[Result "0-1"]
[WhiteCountry "MAS"]
[BlackCountry "ENG"]
[WhiteElo "1294"]
[WhiteRD "47"]
[BlackElo "1452"]
[BlackRD "50"]
[GameID "357228"]

1. e4 e5 2. Qh5 Qf6 3. Qd1 Bc5 4. Nf3 d6 5. h3 Nc6 6. Nc3 Nge7 7. Nd5 Nxd5 8. exd5 Nd4 9. Nxd4 Bxd4 10. Qf3 Qxf3
11. gxf3 O-O 12. c3 Bb6 13. a4 c6 14. a5 Bc7 15. dxc6 bxc6 16. Bg2 Rb8 17. O-O f6 18. f4 exf4 19. Bxc6 Bxh3 20. Re1 Rbd8
21. Bg2 Bxg2 22. Kxg2 g5 23. d4 d5 24. f3 Kg7 25. Re7+ Rf7 26. Rxf7+ Kxf7 27. b3 h5 28. b4 g4 29. fxg4 hxg4
0-1

[Event "Knightworm78 v Dreadnoughts No 1"]
[Site "SchemingMind.com"]
[Date "2014.04.23"]
[Round "-"]
[White "ray winteringham"]
[Black "alexyongpohweng"]
[Result "1-0"]
[WhiteCountry "ENG"]
[BlackCountry "MAS"]
[WhiteElo "1452"]
[WhiteRD "50"]
[BlackElo "1294"]
[BlackRD "47"]
[GameID "357229"]

1. e4 e5 2. Nf3 d6 3. Bc4 Bg4 4. O-O Bxf3 5. Qxf3 Nf6 6. d3 Nc6 7. Nc3 Nd4 8. Qd1 Nc6 9. h3 Be7 10. Bd5 Nxd5
11. Nxd5 O-O 12. c4 Nd4 13. Be3 Nc6 14. a3 Nd4 15. Bxd4 exd4 16. Qb3 Rb8 17. Qc2 Bf6 18. Nf4 c6 19. b4 b6 20. Rab1 Bg5
21. Ne2 a6 22. Nxd4 Qd7 23. Nf3 Bf6 24. Kh2 a5 25. g3 axb4 26. axb4 b5 27. Nd2 bxc4 28. dxc4 Rfe8 29. f3 g6 30. g4 g5
31. Rg1 Qc7 32. Kh1 Qd7 33. Rgd1 Kg7 34. Nb3 Rxb4 35. Nc5 Rxc4 36. Qxc4
1-0

[Event "Knightworm78 v Dreadnoughts No 1"]
[Site "SchemingMind.com"]
[Date "2014.04.22"]
[Round "-"]
[White "ray winteringham"]
[Black "gatoss"]
[Result "1-0"]
[WhiteCountry "ENG"]
[BlackCountry "ITA"]
[WhiteElo "1526"]
[WhiteRD "50"]
[BlackElo "1480"]
[BlackRD "60"]
[GameID "357230"]

1. e4 c5 2. Nf3 d6 3. Bc4 Nc6 4. O-O e6 5. d3 Nf6 6. Be3 Ng4 7. Qe2 Nxe3 8. Qxe3 Be7 9. a3 O-O 10. Nbd2 h6
11. c3 b6 12. b4 d5 13. Bb3 d4 14. cxd4 cxd4 15. Qe2 e5 16. Nc4 Qc7 17. b5 Nd8 18. Ncxe5 Bd6 19. Rac1 Qe7 20. Ng6 Qe8
21. Nxf8 Qxf8 22. a4 Bg4 23. h3 Bh5 24. g4 Bg6 25. Nxd4 Qe7 26. f4 Qh4 27. Qh2 Bc5 28. Rxc5 bxc5 29. Nf3 Qe7 30. Ne5 Bh7
31. Qf2 Rc8 32. Nc4 Nb7 33. f5 Nd6 34. a5 Nxb5 35. Qg3 Nd4 36. Qd6 Qxd6 37. Nxd6 Rb8 38. Bxf7+ Kf8 39. Bd5 Ne2+ 40. Kf2 Rb2
41. Kf3 Nd4+ 42. Ke3 Nc2+ 43. Kf4 Nd4 44. Ke5 Rh2 45. f6 gxf6+ 46. Rxf6+ Ke7 47. Rf7+
1-0

[Event "Knightworm78 v Dreadnoughts No 1"]
[Site "SchemingMind.com"]
[Date "2014.04.23"]
[Round "-"]
[White "gatoss"]
[Black "ray winteringham"]
[Result "1-0"]
[WhiteCountry "ITA"]
[BlackCountry "ENG"]
[WhiteElo "1490"]
[WhiteRD "71"]
[BlackElo "1452"]
[BlackRD "50"]
[GameID "357231"]

1. d4 d5 2. c4 dxc4 3. Nc3 Nf6 4. e3 e6 5. Bxc4 Bd6 6. Nf3 O-O 7. O-O b6 8. e4 Bb4 9. a3 Be7 10. h3 Bb7
11. e5 Nfd7 12. b4 Re8 13. Ne1 Nf8 14. f4 Nc6 15. d5 exd5 16. Nxd5 a5 17. b5 Na7 18. Qb3 c6 19. Nxe7+ Qxe7 20. bxc6 Nxc6
21. Bb2 Qc5+ 22. Kh1 Re7 23. Nd3 Qe3 24. Rae1 Qg3 25. Bd5 Ne6 26. Rf3 Qg6 27. Be4 f5 28. exf6 gxf6 29. Bxg6 hxg6 30. Rxe6 Rxe6
31. Qxe6+ Kf8 32. Qxf6+
1-0

[Event "Knightworm78 v Dreadnoughts No 1"]
[Site "SchemingMind.com"]
[Date "2014.04.24"]
[Round "-"]
[White "alexyongpohweng"]
[Black "JDan"]
[Result "0-1"]
[WhiteCountry "MAS"]
[BlackCountry "POL"]
[WhiteElo "1294"]
[WhiteRD "47"]
[BlackElo "1615"]
[BlackRD "61"]
[GameID "357274"]

1. e4 e6 2. d4 d5 3. e5 c5 4. dxc5 Bxc5 5. Nf3 a6 6. Be2 Nc6 7. O-O Nge7 8. Bg5 O-O 9. Bxe7 Qxe7 10. Nc3 Qc7
11. a3 Nxe5 12. Nxe5 Qxe5 13. Bf3 Qg5 14. h3 Bd7 15. b4 Bd6 16. Ne2 Be5 17. Ng3 Bxg3 18. fxg3 Qxg3 19. Rf2 Rac8 20. Qd4 Qg6
21. Rc1 Ba4 22. c3 Rc4 23. Qe3 Qf6 24. Bxd5 Qxf2+ 25. Qxf2 exd5 26. Qb6 Bc6 27. Qf2 d4 28. Qd2 Rd8 29. cxd4 Rcxd4 30. Qe2 Bb5
31. Qf3 Bc6 32. Qf2 Rd2 33. Qf4 Bxg2 34. h4 R2d4 35. Qe3 Rd3 36. Qb6 Bc6 37. Rf1 Rg3+ 38. Kf2 Rf3+ 39. Ke2 Re8+ 40. Kd2 Rxf1
0-1

[Event "Knightworm78 v Dreadnoughts No 1"]
[Site "SchemingMind.com"]
[Date "2014.04.24"]
[Round "-"]
[White "JDan"]
[Black "alexyongpohweng"]
[Result "1-0"]
[WhiteCountry "POL"]
[BlackCountry "MAS"]
[WhiteElo "1615"]
[WhiteRD "61"]
[BlackElo "1294"]
[BlackRD "47"]
[GameID "357275"]

1. e4 e5 2. Nf3 d6 3. d4 exd4 4. Qxd4 Nc6 5. Bb5 Bd7 6. Bxc6 Bxc6 7. Nc3 Nf6 8. Bg5 Be7 9. O-O-O O-O 10. e5 dxe5
11. Qxe5 Qe8 12. Rhe1 Bd6 13. Qd4 Be7 14. Bxf6 gxf6 15. Nd5 Bxd5 16. Qxd5 c6 17. Qd7 Qxd7 18. Rxd7 Bc5 19. Re2 Kg7 20. Rxb7 a5
21. a4 Rfe8 22. Kd1 Rad8+ 23. Ke1 Rxe2+ 24. Kxe2 Re8+ 25. Kf1 f5 26. c3 Rc8 27. b4 axb4 28. cxb4 Bd6 29. Nd4 Be5 30. Nxf5+ Kf6
31. Nh6 Kg5 32. Nxf7+ Kf5 33. Nxe5 Kxe5 34. Rxh7 Kd5 35. Rh4 Ra8 36. a5 Kd6 37. Rh5 Kc7 38. h4 Kd7 39. g4
1-0

[Event "Knightworm78 v Dreadnoughts No 1"]
[Site "SchemingMind.com"]
[Date "2014.04.23"]
[Round "-"]
[White "ray winteringham"]
[Black "JDan"]
[Result "0-1"]
[WhiteCountry "ENG"]
[BlackCountry "POL"]
[WhiteElo "1462"]
[WhiteRD "51"]
[BlackElo "1707"]
[BlackRD "107"]
[GameID "357276"]

1. e4 e6 2. d4 d5 3. e5 c5 4. Nf3 Nc6 5. c3 Qb6 6. Qc2 cxd4 7. Qa4 a6 8. cxd4 Qb4+ 9. Nc3 Qxa4 10. Nxa4 Nb4
11. Rb1 Nc2+ 12. Kd2 Nb4 13. a3 Na2 14. Be2 Nxc1 15. Rbxc1 Bd7 16. Nb6 Rd8 17. Ng5 Nh6 18. Rc7 Bc6 19. Rc1 Be7 20. Rc8 O-O
21. Rc7 Bxg5+
0-1

[Event "Knightworm78 v Dreadnoughts No 1"]
[Site "SchemingMind.com"]
[Date "2014.04.23"]
[Round "-"]
[White "JDan"]
[Black "ray winteringham"]
[Result "1-0"]
[WhiteCountry "POL"]
[BlackCountry "ENG"]
[WhiteElo "1707"]
[WhiteRD "107"]
[BlackElo "1462"]
[BlackRD "51"]
[GameID "357277"]

1. e4 e5 2. Nf3 d6 3. Bc4 Be6 4. Bxe6 fxe6 5. c3 Be7 6. Qb3 Qd7 7. Qxb7 Qc6 8. Qxc6+ Nxc6 9. d4 O-O-O 10. d5 exd5
11. exd5 Na5 12. Bg5 Nc4 13. b3 Bxg5 14. Nxg5 Nb6 15. c4 Nh6 16. O-O Rde8 17. Nc3 Nf5 18. Nb5 Kb7 19. g4 Nh4 20. Nf7 Rhf8
21. Nfxd6+
1-0

[Event "Knightworm78 v Dreadnoughts No 1"]
[Site "SchemingMind.com"]
[Date "2014.04.23"]
[Round "-"]
[White "JDan"]
[Black "gatoss"]
[Result "1-0"]
[WhiteCountry "POL"]
[BlackCountry "ITA"]
[WhiteElo "1615"]
[WhiteRD "61"]
[BlackElo "1490"]
[BlackRD "71"]
[GameID "357278"]

1. e4 c5 2. Nf3 d6 3. Bb5+ Bd7 4. Bxd7+ Qxd7 5. Nc3 Nc6 6. d4 e6 7. dxc5 dxc5 8. Qxd7+ Kxd7 9. Bf4 Nge7 10. O-O-O+ Ke8
11. Nb5 Rc8 12. Nd6+ Kd8 13. Nxf7+ Ke8 14. Nxh8 g6 15. Bd6 Bh6+ 16. Kb1 Bg7 17. Bxe7 Nxe7 18. Ng5
1-0

[Event "Knightworm78 v Dreadnoughts No 1"]
[Site "SchemingMind.com"]
[Date "2014.04.23"]
[Round "-"]
[White "gatoss"]
[Black "JDan"]
[Result "0-1"]
[WhiteCountry "ITA"]
[BlackCountry "POL"]
[WhiteElo "1490"]
[WhiteRD "71"]
[BlackElo "1615"]
[BlackRD "61"]
[GameID "357279"]

1. d4 Nf6 2. c4 e6 3. Nc3 Bb4 4. Qc2 c5 5. dxc5 Bxc5 6. e3 Nc6 7. Nf3 O-O 8. Bd3 Nb4 9. Qd2 Nxd3+ 10. Qxd3 b6
11. O-O Ba6 12. b3 d5 13. Ne5 dxc4 14. Qxd8 Raxd8 15. Nc6 Rd7 16. Ne5 Rd6 17. Nxc4 Rdd8 18. Ne4 Nxe4
0-1

[Event "Knightworm78 v Dreadnoughts No 1"]
[Site "SchemingMind.com"]
[Date "2014.04.28"]
[Round "-"]
[White "alexyongpohweng"]
[Black "Simon Green"]
[Result "0-1"]
[WhiteCountry "MAS"]
[BlackCountry "ENG"]
[WhiteElo "1294"]
[WhiteRD "47"]
[BlackElo "1624"]
[BlackRD "56"]
[GameID "357477"]

1. e4 e6 2. d4 d5 3. e5 c5 4. dxc5 Bxc5 5. Nf3 Ne7 6. Bb5+ Nbc6 7. Bxc6+ Nxc6 8. O-O O-O 9. Nc3 Bd7 10. Bg5 Be7
11. Bxe7 Qxe7 12. Nb5 a6 13. Nc3 f5 14. Ne2 Rac8 15. c3 Na7 16. Nfd4 Nb5 17. Nxb5 Bxb5 18. Re1 Bxe2 19. Rxe2 Rc4 20. Rc1 Qg5
21. f3 d4 22. cxd4 Rxc1
0-1

[Event "Knightworm78 v Dreadnoughts No 1"]
[Site "SchemingMind.com"]
[Date "2014.04.28"]
[Round "-"]
[White "Simon Green"]
[Black "alexyongpohweng"]
[Result "1-0"]
[WhiteCountry "ENG"]
[BlackCountry "MAS"]
[WhiteElo "1624"]
[WhiteRD "56"]
[BlackElo "1294"]
[BlackRD "47"]
[GameID "357478"]

1. d4 d5 2. e3 a6 3. Bd3 Nf6 4. f4 g6 5. Nf3 Bg7 6. O-O O-O 7. Nbd2 c6 8. Qe1 Bg4 9. Ne5 Bd7 10. b3 a5
11. a4 Na6 12. c3 Rb8 13. c4 dxc4 14. Bxc4 Nc7 15. Nxf7 Rxf7 16. Bxf7+ Kxf7 17. h3 Nfd5 18. Nc4 Be6 19. Ne5+ Bxe5 20. fxe5+ Kg7
21. e4 Nb4 22. Qc3 Nba6 23. Qe3 Nb4 24. Rf2 Nba6 25. Bd2 Ne8 26. Qh6+
1-0

[Event "Knightworm78 v Dreadnoughts No 1"]
[Site "SchemingMind.com"]
[Date "2014.04.27"]
[Round "-"]
[White "ray winteringham"]
[Black "Simon Green"]
[Result "0-1"]
[WhiteCountry "ENG"]
[BlackCountry "ENG"]
[WhiteElo "1452"]
[WhiteRD "50"]
[BlackElo "1624"]
[BlackRD "56"]
[GameID "357479"]

1. e4 e6 2. d4 d5 3. e5 c5 4. c3 c4 5. g3 b5 6. Bg2 Be7 7. Ne2 f5 8. Nf4 Nh6 9. Qh5+ Nf7 10. Ng6 hxg6
11. Qxg6 O-O 12. h4 Nh8 13. Qh5 Qe8 14. Qf3 Nc6 15. Bg5 g6 16. Bxe7 Qxe7 17. h5 g5 18. h6 g4 19. Qf4 Kh7 20. Rh5 Rg8
21. Nd2 Nf7 22. Ke2 b4 23. Rah1 bxc3 24. f3 cxd2 25. Kxd2 Qb4+ 26. Kc1 c3 27. b3 Nxd4 28. Bf1 Qa3+ 29. Kb1 Qb2#
0-1

[Event "Knightworm78 v Dreadnoughts No 1"]
[Site "SchemingMind.com"]
[Date "2014.04.27"]
[Round "-"]
[White "Simon Green"]
[Black "ray winteringham"]
[Result "1-0"]
[WhiteCountry "ENG"]
[BlackCountry "ENG"]
[WhiteElo "1624"]
[WhiteRD "56"]
[BlackElo "1452"]
[BlackRD "50"]
[GameID "357480"]

1. d4 d5 2. e3 Bf5 3. Bd3 Bg6 4. f4 e6 5. Nf3 Bd6 6. O-O Ne7 7. Ne5 Bxe5 8. fxe5 O-O 9. Bxg6 fxg6 10. Rxf8+ Qxf8
11. Nc3 Nd7 12. e4 c6 13. exd5 cxd5 14. Be3 Nf5 15. Qe2 Nb6 16. b3 a6 17. Rf1 Qe8 18. g4 Nxe3 19. Qxe3 h6 20. g5 Kh7
21. gxh6 gxh6 22. Qd3 Qe7 23. Rf6 Rg8 24. Qf3 Rg7 25. Na4 Nd7 26. Rf4 b5 27. Nc5 Nxc5 28. dxc5 Qxc5+ 29. Kg2 Qxc2+ 30. Kg3 Qc7
31. Qe3 Qc8 32. h4 Rc7 33. Kg4 h5+ 34. Kg5 Rc2 35. Qa7+ Kh8 36. Rf7 Qd8+ 37. Kh6
1-0

[Event "Knightworm78 v Dreadnoughts No 1"]
[Site "SchemingMind.com"]
[Date "2014.04.27"]
[Round "-"]
[White "Simon Green"]
[Black "JDan"]
[Result "0-1"]
[WhiteCountry "ENG"]
[BlackCountry "POL"]
[WhiteElo "1624"]
[WhiteRD "56"]
[BlackElo "1615"]
[BlackRD "61"]
[GameID "357481"]

1. d4 Nf6 2. e3 e6 3. Bd3 b6 4. f4 d5 5. Nf3 c5 6. c3 Ba6 7. O-O Bxd3 8. Qxd3 Nc6 9. Nbd2 Bd6 10. Ne5 Qc7
11. Ndf3 c4 12. Qc2 b5 13. Bd2 Ne4 14. Nxc6 Qxc6 15. Ne5 Qb7 16. b4 a5 17. a3 O-O 18. f5 exf5 19. Rxf5 axb4 20. cxb4 f6
21. Ng4 Qe7 22. Nf2 Nxd2 23. Qxd2 Bxb4
0-1

[Event "Knightworm78 v Dreadnoughts No 1"]
[Site "SchemingMind.com"]
[Date "2014.04.27"]
[Round "-"]
[White "JDan"]
[Black "Simon Green"]
[Result "1-0"]
[WhiteCountry "POL"]
[BlackCountry "ENG"]
[WhiteElo "1615"]
[WhiteRD "61"]
[BlackElo "1624"]
[BlackRD "56"]
[GameID "357482"]

1. e4 e6 2. d4 d5 3. Nd2 Nf6 4. e5 Nfd7 5. c4 c6 6. Ngf3 Be7 7. Bd3 f5 8. exf6 Nxf6 9. O-O Nbd7 10. Ng5 Nb6
11. Re1 dxc4 12. Nxc4 Qxd4 13. Nxb6 axb6 14. Bg6+ hxg6 15. Qxd4 O-O 16. Qxb6 Nd5 17. Qb3 Nf4 18. Bxf4 Rb8 19. Bxb8
1-0

[Event "Knightworm78 v Dreadnoughts No 1"]
[Site "SchemingMind.com"]
[Date "2014.04.27"]
[Round "-"]
[White "Simon Green"]
[Black "gatoss"]
[Result "1-0"]
[WhiteCountry "ENG"]
[BlackCountry "ITA"]
[WhiteElo "1624"]
[WhiteRD "56"]
[BlackElo "1490"]
[BlackRD "71"]
[GameID "357483"]

1. d4 d5 2. e3 e6 3. Bd3 c5 4. c3 Nc6 5. f4 Nf6 6. Nf3 c4 7. Bc2 Be7 8. O-O O-O 9. Nbd2 b5 10. Ne5 Bb7
11. Qe1 a5 12. Qg3 Nh5 13. Qg4 g6 14. Ndf3 Nxe5 15. fxe5 f5 16. exf6 Rxf6 17. e4 Rf4 18. Bxf4
1-0

[Event "Knightworm78 v Dreadnoughts No 1"]
[Site "SchemingMind.com"]
[Date "2014.04.27"]
[Round "-"]
[White "gatoss"]
[Black "Simon Green"]
[Result "0-1"]
[WhiteCountry "ITA"]
[BlackCountry "ENG"]
[WhiteElo "1480"]
[WhiteRD "60"]
[BlackElo "1583"]
[BlackRD "58"]
[GameID "357484"]

1. d4 e6 2. c4 d5 3. Nc3 Nf6 4. e3 c6 5. Nf3 Nbd7 6. Bd3 dxc4 7. Bxc4 Bb4 8. a3 Bxc3+ 9. bxc3 O-O 10. O-O Nd5
11. Nd2 Nxc3 12. Qb3 Nd5 13. e4 N5b6 14. Nf3 Nxc4 15. Qxc4 Nf6 16. Bg5 h6 17. Bh4 Qd7 18. Bxf6 gxf6 19. Qc3 b6 20. Rfd1 Kh7
21. Qc2 Rg8 22. e5+ f5 23. g4 Rxg4+ 24. Kh1 Bb7 25. h3 Rg6 26. Kh2 Rag8 27. Nh4 Rg5 28. f4 Rg3 29. Rg1 Qxd4 30. Qc1 Qf2+
31. Rg2 Rxg2+
0-1

[Event "Knightworm78 v Dreadnoughts No 1"]
[Site "SchemingMind.com"]
[Date "2014.04.29"]
[Round "-"]
[White "alexyongpohweng"]
[Black "emvarela"]
[Result "0-1"]
[WhiteCountry "MAS"]
[BlackCountry "ARG"]
[WhiteElo "1148"]
[WhiteRD "51"]
[BlackElo "1633"]
[BlackRD "47"]
[GameID "357512"]

1. e4 c5 2. d3 Nc6 3. Nf3 d5 4. exd5 Qxd5 5. Nc3 Qd8 6. Be2 Nf6 7. O-O e6 8. Bg5 Be7 9. Bxf6 Bxf6 10. Ne4 b6
11. c3 O-O 12. Nxf6+ Qxf6 13. Rc1 Bb7 14. Qd2 Rad8 15. Qg5 Qxg5 16. Nxg5 h6 17. Nf3 f6 18. c4 Nd4 19. Nxd4 Rxd4 20. Bf3 Bxf3
21. gxf3 Rxd3 22. Kg2 Rfd8 23. Kg1 Rxf3 24. Kg2 Rf4 25. f3 Rd2+ 26. Kg3 Rfd4 27. Rf2 Rxf2 28. Kxf2 Rd2+ 29. Kg3 Rxb2 30. Kf4 Rxa2
31. h4 Ra4 32. Ke3 Kf7 33. Kd3 Ra3+ 34. Ke2 g5 35. hxg5 hxg5 36. Rc2 f5 37. Rb2 Kf6 38. Kf2 e5 39. Rc2 g4 40. fxg4 fxg4
41. Kg2 Kf5 42. Kf2 g3+ 43. Kg2 Kf4
0-1

[Event "Knightworm78 v Dreadnoughts No 1"]
[Site "SchemingMind.com"]
[Date "2014.04.30"]
[Round "-"]
[White "emvarela"]
[Black "alexyongpohweng"]
[Result "1-0"]
[WhiteCountry "ARG"]
[BlackCountry "MAS"]
[WhiteElo "1633"]
[WhiteRD "47"]
[BlackElo "1148"]
[BlackRD "51"]
[GameID "357513"]

1. e4 e5 2. Nf3 d6 3. d4 exd4 4. Nxd4 Nf6 5. Nc3 Be7 6. Be2 O-O 7. O-O a6 8. Be3 b5 9. a3 c5 10. Nb3 b4
11. axb4 cxb4 12. Nd5 Nxe4 13. Nxe7+ Qxe7 14. Bd3 Nf6 15. Re1 Qd7 16. Qd2 a5 17. Rxa5 Rxa5 18. Nxa5 Nc6 19. Nxc6 Qxc6 20. Qxb4 Nd5
21. Qb5 Qxb5 22. Bxb5 Nxe3 23. Rxe3 Bb7 24. f3 f5 25. Re8 Rxe8 26. Kf2 Re7 27. Bd3 f4 28. b3 d5 29. g3 fxg3+ 30. hxg3 Kf8
31. Bxh7 d4 32. Bd3 Rf7 33. f4 g5 34. f5 Bc8 35. g4 Kg7 36. Kf3 Bb7+ 37. Be4 Bxe4+ 38. Kxe4 Rd7 39. Ke5 Kf7 40. Ke4 Kf6
41. b4
1-0

[Event "Knightworm78 v Dreadnoughts No 1"]
[Site "SchemingMind.com"]
[Date "2014.04.29"]
[Round "-"]
[White "emvarela"]
[Black "ray winteringham"]
[Result "0-1"]
[WhiteCountry "ARG"]
[BlackCountry "ENG"]
[WhiteElo "1741"]
[WhiteRD "54"]
[BlackElo "1489"]
[BlackRD "52"]
[GameID "357514"]

1. e4 e5 2. Nf3 d6 3. d4 exd4 4. Nxd4 Nf6 5. Nc3 Be7 6. Be3 O-O 7. Bd3 c5 8. Nde2 Nc6 9. O-O a6 10. a3 b5
11. f3 c4 12. Bxc4 bxc4 13. Nf4 Bb7 14. Nfd5 Ne5 15. Nxf6+ Bxf6 16. Nd5 Bxd5 17. Qxd5 Ng6 18. Rad1 Bxb2 19. Qxc4 Rc8 20. Qb3 Bf6
21. Bd4 Nf4 22. Bxf6 Qxf6 23. Rf2 Qg6 24. Qe3 Nh3+ 25. Kf1 Nxf2 26. Kxf2 Rxc2+ 27. Rd2 Rfc8 28. Qd3 Rxd2+ 29. Qxd2 h6
0-1

[Event "Knightworm78 v Dreadnoughts No 1"]
[Site "SchemingMind.com"]
[Date "2014.04.29"]
[Round "-"]
[White "ray winteringham"]
[Black "emvarela"]
[Result "1/2-1/2"]
[WhiteCountry "ENG"]
[BlackCountry "ARG"]
[WhiteElo "1516"]
[WhiteRD "51"]
[BlackElo "1677"]
[BlackRD "48"]
[GameID "357515"]

1. e4 e5 2. Nf3 Nc6 3. Bb5 f5 4. d3 fxe4 5. dxe4 Nf6 6. Bg5 d6 7. Bxc6+ bxc6 8. O-O h6 9. Bh4 Be7 10. Nbd2 Bg4
11. Qe1 Bxf3 12. Nxf3 O-O 13. a3 Ng4 14. Bxe7 Qxe7 15. Nd2 d5 16. h3 Nf6 17. f3 Qc5+ 18. Rf2 dxe4 19. Nxe4 Nxe4 20. Qxe4 Rf4
21. Qe2 Rb8 22. g3 Rd4 23. b4 Qd6 24. Rc1 Rd8 25. c3 Rd2 26. Qxd2 Qxd2 27. Rxd2 Rxd2 28. a4 Kf7 29. Kf1 Rh2 30. Kg1 Rxh3
31. Kg2 Rh5 32. Rd1 Ke7 33. g4 Rg5 34. Re1 Kf6 35. c4 h5 36. Kg3 hxg4 37. b5 gxf3+ 38. Kxf3 Rf5+ 39. Ke3 c5 40. a5 Rf4
41. Kd3 Rd4+ 42. Kc3 e4 43. Rf1+ Ke6 44. Re1 Rd3+ 45. Kc2 Ke5 46. Rg1 Kd4 47. Rxg7 Kxc4 48. Rxc7 Kxb5 49. Re7 Ra3 50. Rxa7 Rxa5
51. Re7 Kc4 52. Rxe4+= Kd5 53. Rh4 Ra3 54. Rg4 c4 55. Rg5+ Kd4 56. Rg4+ Kc5 57. Rh4 Kb4 58. Kb2 Rg3 59. Rh2 c3+ 60. Kc2=
1/2-1/2

[Event "Knightworm78 v Dreadnoughts No 1"]
[Site "SchemingMind.com"]
[Date "2014.04.29"]
[Round "-"]
[White "emvarela"]
[Black "Simon Green"]
[Result "1-0"]
[WhiteCountry "ARG"]
[BlackCountry "ENG"]
[WhiteElo "1677"]
[WhiteRD "48"]
[BlackElo "1594"]
[BlackRD "54"]
[GameID "357516"]

1. e4 e6 2. d4 d5 3. Nc3 Nf6 4. Bg5 Be7 5. e5 Nfd7 6. Bxe7 Qxe7 7. f4 c5 8. Nf3 f5 9. Nb5 Nb6 10. Nd6+ Kd8
11. dxc5 N6d7 12. Ng5 Kc7 13. b4 h6 14. Ngf7 Rf8 15. Nxc8 Qxf7 16. Nd6 Qe7 17. c4 dxc4 18. Bxc4 Nc6 19. Nb5+ Kc8 20. Qd6 Qxd6
21. Nxd6+ Kc7 22. b5 Nd4 23. Rc1 Nxc5 24. O-O a6 25. bxa6 bxa6 26. Rfd1 Nc6 27. Be2 Kb6 28. Nc4+ Kc7 29. Na5 Nxa5 30. Rxc5+ Kb6
31. Rc2 Rfd8 32. Rb1+ Ka7 33. Rc7+
1-0

[Event "Knightworm78 v Dreadnoughts No 1"]
[Site "SchemingMind.com"]
[Date "2014.04.29"]
[Round "-"]
[White "Simon Green"]
[Black "emvarela"]
[Result "0-1"]
[WhiteCountry "ENG"]
[BlackCountry "ARG"]
[WhiteElo "1594"]
[WhiteRD "54"]
[BlackElo "1677"]
[BlackRD "48"]
[GameID "357517"]

1. d4 Nf6 2. e3 d5 3. Bd3 Bg4 4. f3 Bh5 5. Nd2 e6 6. Ne2 c5 7. c3 c4 8. Bc2 b5 9. b4 Nc6 10. O-O a5
11. a3 axb4 12. cxb4 Bxb4 13. Bb2 Bxd2 14. Qxd2 O-O 15. Nf4 Bg6 16. Nxg6 fxg6 17. e4 Qb6 18. e5 b4 19. exf6 gxf6 20. Qh6 Ra7
21. axb4 Nxb4 22. Rxa7 Qxa7 23. Ra1 Qf7 24. Bb1 Qg7 25. Qxg7+ Kxg7 26. Ra7+ Rf7 27. Rxf7+ Kxf7 28. Kf2 Nc6 29. Bc3 e5 30. dxe5 fxe5
31. g4 d4 32. Bd2 c3 33. Bc1 Nb4 34. f4 c2 35. Bxc2 Nxc2 36. fxe5 Ke6 37. Bf4 Ne3 38. Bxe3 dxe3+ 39. Kxe3 Kxe5 40. h4 h6
41. Kf3 h5 42. g5 Kf5 43. Kg3 Ke4 44. Kh3 Kf3
0-1

[Event "Knightworm78 v Dreadnoughts No 1"]
[Site "SchemingMind.com"]
[Date "2014.04.29"]
[Round "-"]
[White "emvarela"]
[Black "JDan"]
[Result "1-0"]
[WhiteCountry "ARG"]
[BlackCountry "POL"]
[WhiteElo "1633"]
[WhiteRD "47"]
[BlackElo "1408"]
[BlackRD "58"]
[GameID "357518"]

1. e4 e6 2. d4 c5 3. Nf3 d5 4. Nbd2 Nf6 5. e5 Nfd7 6. Bb5 Qb6 7. Bxd7+ Bxd7 8. c3 Nc6 9. Qb3 Qxb3 10. Nxb3 b6
11. Be3 cxd4 12. Nbxd4 Nxd4 13. Bxd4 Be7 14. O-O O-O 15. a4 f6 16. exf6 Bxf6 17. Bxf6 Rxf6 18. Ne5 Be8 19. f4 Bh5 20. g4 Be8
21. b4 Rc8 22. Rf3 g5 23. fxg5 Rxf3 24. Nxf3 Rxc3 25. Nd4 Bd7 26. Nb5 Bxb5 27. axb5 Rc4 28. h3 Rxb4 29. Rxa7 Rxb5 30. Re7 d4
31. Rxe6 Rxg5 32. Rxb6 Rd5 33. Rb1 d3 34. Rd1 Kf7 35. Kf2 Kg6 36. h4 h5 37. g5 Rd4 38. Kg3 Kf5 39. Rf1+ Ke5 40. Re1+ Kf5
41. Rf1+ Kg6 42. Rf6+ Kg7 43. Rf1 Kg6 44. Rf6+ Kh7 45. Rf7+ Kg6 46. Rf6+ Kg7 47. Rf1
1-0

[Event "Knightworm78 v Dreadnoughts No 1"]
[Site "SchemingMind.com"]
[Date "2014.04.29"]
[Round "-"]
[White "JDan"]
[Black "emvarela"]
[Result "0-1"]
[WhiteCountry "POL"]
[BlackCountry "ARG"]
[WhiteElo "1533"]
[WhiteRD "51"]
[BlackElo "1741"]
[BlackRD "54"]
[GameID "357519"]

1. e4 e5 2. Nf3 Nc6 3. Bc4 Bc5 4. b4 Bb6 5. Bb2 d6 6. d4 exd4 7. Nxd4 Bxd4 8. Bxd4 Nxd4 9. Qxd4 Nf6 10. Nc3 Be6
11. Bd3 Qe7 12. O-O O-O 13. f4 c6 14. f5 Bd7 15. Rae1 Ng4 16. h3 Ne5 17. a4 Nxd3 18. cxd3 Qf6 19. Qxf6 gxf6 20. Rf4 a6
21. Ref1 Kh8 22. Rh4 Rg8 23. Ne2 b5 24. a5 c5 25. Rf3 cxb4 26. Nf4 b3 27. Nd5 b2 28. Nc3 Rac8 29. Nb1 Rc1+ 30. Rf1 Rxf1+
31. Kxf1 Rc8 32. Ke2 Rc2+ 33. Ke3 Rc1 34. Nd2 b1=Q 35. Nxb1 Rxb1 36. Rh6 Kg7 37. Rh4 b4 38. Kd2 Ba4
0-1

[Event "Knightworm78 v Dreadnoughts No 1"]
[Site "SchemingMind.com"]
[Date "2014.04.29"]
[Round "-"]
[White "emvarela"]
[Black "gatoss"]
[Result "1-0"]
[WhiteCountry "ARG"]
[BlackCountry "ITA"]
[WhiteElo "1741"]
[WhiteRD "54"]
[BlackElo "1435"]
[BlackRD "58"]
[GameID "357520"]

1. e4 c5 2. Nf3 d6 3. d4 cxd4 4. Nxd4 Nf6 5. Nc3 e6 6. Be3 a6 7. Bd3 Nc6 8. O-O Be7 9. Nxc6 bxc6 10. f4 O-O
11. Qf3 d5 12. exd5 cxd5 13. g4 h6 14. g5 hxg5 15. fxg5 Nh7 16. Bxh7+ Kxh7 17. Qh5+ Kg8 18. g6 fxg6 19. Rxf8+ Kxf8 20. Qh8+ Kf7
21. Rf1+ Bf6 22. Qxd8
1-0